[Event "Lima Palma Memorial U1850 1st"]
[Site "Lima"]
[Date "2018.01.27"]
[Round "6.14"]
[White "Riveros Rodriguez, Yeral Manuel"]
[Black "Arroyo Valenzuela, Luigi"]
[Result "0-1"]
[WhiteElo "1301"]
[BlackElo "1575"]
[PlyCount "50"]
[EventDate "2018.01.23"]
[EventType "swiss"]
[EventRounds "8"]
[EventCountry "PER"]
[SourceTitle "EXT 2024"]
[Source "ChessBase"]
[SourceDate "2023.10.10"]
[SourceVersion "1"]
[SourceVersionDate "2023.10.10"]
[SourceQuality "1"]

1. d4 d5 2. Nf3 Nf6 3. c4 Bg4 4. Nc3 e6 5. e3 Be7 6. Be2 0-0 7. cxd5 exd5 8. b3 c6 9. Bb2 Nbd7 10. 0-0 Re8 11. Re1 Rc8 12. Qd2 Bd6 13. Rac1 Bb8 14. b4 Nb6 15. a4 Qd6 16. g3 Qxb4 17. Qc2 Qd6 18. Nb1 h5 19. Nbd2 Nbd7 20. Nh4 Bxe2 21. Rxe2 Nf8 22. Nhf3 Ne4 23. Qd3 Qf6 24. a5 a6 25. Rb1 Bc7 0-1

[Event "Lima Palma Memorial U1850 1st"]
[Site "Lima"]
[Date "2018.01.22"]
[Round "1.6"]
[White "Riveros Rodriguez, Yeral Manuel"]
[Black "Tello Ormeno, Daniel"]
[Result "0-1"]
[WhiteElo "1301"]
[BlackElo "1748"]
[PlyCount "66"]
[EventDate "2018.01.23"]
[EventType "swiss"]
[EventRounds "8"]
[EventCountry "PER"]
[SourceTitle "EXT 2024"]
[Source "ChessBase"]
[SourceDate "2023.10.10"]
[SourceVersion "1"]
[SourceVersionDate "2023.10.10"]
[SourceQuality "1"]

1. d4 Nf6 2. Nf3 g6 3. c4 Bg7 4. Nc3 d5 5. cxd5 Nxd5 6. e4 Nxc3 7. bxc3 c5 8. Bb2 0-0 9. Be2 Nc6 10. 0-0 Bg4 11. d5 Na5 12. Qd2 Bxf3 13. Bxf3 Nc4 14. Qc2 Qa5 15. Rfc1 b5 16. a3 Qb6 17. Be2 Nxb2 18. Qxb2 b4 19. axb4 cxb4 20. Ra6 Bxc3 21. Rxc3 bxc3 22. Rxb6 cxb2 23. Rxb2 Rfb8 24. Ra2 Rb1+ 25. Bf1 Rc8 26. f3 Rcc1 27. Rf2 a5 28. g3 a4 29. Kg2 Rxf1 30. Rxf1 Rxf1 31. Kxf1 a3 32. Kf2 a2 33. Ke3 a1Q 0-1